Biogeochemistry of trace elements: environmental protection, remediation and human health
Saved in:
| Main Authors: | , , |
|---|---|
| Format: | Bog |
| Sprog: | engelsk |
| Udgivet: |
Beijing
Tsinghua University Press
2007
|
| Fag: | |
| Tags: |
Tilføj Tag
Ingen Tags, Vær først til at tagge denne postø!
|
MARC
| LEADER | 00000nam a2200000 a 4500 | ||
|---|---|---|---|
| 001 | UCG7335 | ||
| 003 | CL-VaPUC | ||
| 008 | 110727e20070000CH |||||||||||||||||eng|d | ||
| 020 | |a 9787302156277 | ||
| 082 | 0 | 4 | |a 577.14 |b ZHU |2 21 |
| 100 | 0 | |a Zhu, Yongguan |e author |9 558036 | |
| 700 | 0 | |a Lepp, Nicholas |e author |9 558037 | |
| 700 | 0 | |a Naidu, Ravi |e author |9 558038 | |
| 245 | 1 | 0 | |a Biogeochemistry of trace elements: environmental protection, remediation and human health |
| 300 | |a 1036 p | ||
| 942 | |c BK | ||
| 945 | |d 20110727 00:00:00 |a dcastane | ||
| 260 | |a Beijing |b Tsinghua University Press |c 2007 | ||
| 650 | 7 | |a QUIMICA DEL MEDIO AMBIENTE |2 CL-VaPUC |9 306783 | |
| 650 | 7 | |a BIOGEOQUIMICA |2 CL-VaPUC |9 262126 | |
| 650 | 0 | |a Contaminación del medio ambiente |9 482074 | |
| 650 | 0 | |a Metales |9 260686 | |
| 583 | |a last modification |c 20110727 00:00:00 |k Rodrigo Vera | ||
| 999 | |c 345361 |d 345359 | ||
| 952 | |0 0 |1 0 |4 0 |6 577_140000000000000_ZHU_2007 |7 0 |8 A |9 444000 |a BIBAGR |b BIBAGR |d 2019-11-22 |i 4787757 |o 577.14 ZHU 2007 |p 4787757 |r 2025-01-20 |w 2019-11-22 |y BK |k AGR | ||